| 000 | 00821nam a2200217Ii 4500 | ||
|---|---|---|---|
| 003 | JO-AjNU | ||
| 008 | 230605s9999||||xx |||||||||||||| ||und|| | ||
| 017 | _a2008/19728 | ||
| 020 | _a977-438-011-8 | ||
| 040 |
_aJO-AjNU _bara _erda _cJO-AjNU |
||
| 041 | _aara | ||
| 050 | 1 | 4 | _aHF5681.B2.B326 2008 |
| 100 | 3 |
_aبدوي، محمد عباس / عبدالوهاب نصر علي, _eauthor _933840 |
|
| 245 | 0 | 0 | _aالمحاسبة المالية: مدخل نظم المعلومات، ج1 |
| 264 | 3 | 1 | _aالاسكندرية: المكتب الجامعي الحديث، 2008 |
| 300 |
_aج1، 782ص _bيحتوي على ببلوغرافية من ص781-784ص |
||
| 336 |
_atext _btxt _2rdacontent |
||
| 337 |
_aunmediated _bn _2rdamedia |
||
| 338 |
_avolume _bnc _2rdacarrier |
||
| 650 | 4 |
_aالمحاسبة المالية _933841 |
|
| 999 |
_aA13814 _c17382 _d17382 |
||